Normal view
MARC view
Entry Personal Name
001 - CONTROL NUMBER
- control field: 54830
003 - CONTROL NUMBER IDENTIFIER
- control field: OSt
005 - DATE AND TIME OF LATEST TRANSACTION
- control field: 20241003155346.0
008 - FIXED-LENGTH DATA ELEMENTS
- fixed length control field: 241003|| aca||aabn | a|a d
040 ## - CATALOGING SOURCE
- Original cataloging agency: OSt
- Transcribing agency: OSt
100 ## - HEADING--PERSONAL NAME
- Personal name: မောင်လွန်း၊ ဥုး၊ ဆရာကြီး (ဓမ္မာစရိယ)
670 ## - SOURCE DATA FOUND
- Source citation: Work cat.: (OSt)16778: မောင်လွန်း၊ ဥုး၊ ဆရာကြီး (ဓမ္မာစရိယ), ဗုဒ္ဓဘာသာ(၅)ဆင့်သင်တန်း /, ၁၉၇၈။